Μάνατζμεντ Υψηλής Απόδοσης / Ένας Σύμβουλος Οργάνωσης για Μάνατζερς σε όλα τα Επίπεδα (Record no. 691)
[ view plain ]
| 000 -LEADER | |
|---|---|
| fixed length control field | 01299cam a22001934a 4500 |
| 005 - ΗΜΕΡΟΜΗΝΙΑ ΚΑΙ ΩΡΑ ΤΕΛΕΥΤΑΙΑΣ ΕΝΗΜΕΡΩΣΗΣ | |
| Πεδίο ελέγχου | 20250605163943.0 |
| 008 - FIXED-LENGTH DATA ELEMENTS--GENERAL INFORMATION | |
| Πεδίο ελέγχου σταθερού μήκους | 250528s ||||||||||||||||||||||||d |
| 035 ## - SYSTEM CONTROL NUMBER | |
| System control number | 15092 |
| 020 ## - ISBN | |
| ISBN | 9602181826 |
| 040 ## - ΠΗΓΗ ΚΑΤΑΛΟΓΟΓΡΑΦΗΣΗΣ | |
| Φορέας πρωτότυπης καταλογογράφησης | MC Athens Campus Library |
| Γλώσσα καταλογογράφησης | Ελληνικά, Μοντέρνα (1453-) |
| Modifying agency | MC Athens Campus Library |
| Κανόνες περιγραφικής καταλογογράφησης | AACR2 |
| 245 1# - ΤΙΤΛΟΣ ΚΑΙ ΔΗΛΩΣΗ ΥΠΕΥΘΥΝΟΤΗΤΑΣ | |
| Τίτλος | Μάνατζμεντ Υψηλής Απόδοσης / Ένας Σύμβουλος Οργάνωσης για Μάνατζερς σε όλα τα Επίπεδα |
| 260 ## - PUBLICATION, DISTRIBUTION, ETC. | |
| Name of publisher, distributor, etc. | Addison-Wesley Publishing Company, |
| Date of publication, distribution, etc. | 1996 |
| 300 ## - PHYSICAL DESCRIPTION | |
| Extent | 334 |
| 520 ## - SUMMARY, ETC. | |
| Summary, etc. | Συνδυάζοντας την εννοιολογική κομψότητα με μια πρακτική κατανόηση των πραγματικών περιπτώσεων που οι μάντζερς συναντούν καθημερινά, το Μάνατζμεντ Υψηλής Απόδοσης είναι απ'αυτά τα σπάνια βιβλία που έχουν τη δύναμη νάλλάξουν ριζικά τον τρόπο δουλειάς μας. Εισαγωγή, Το Εργοστάσιο Πρωϊνών, Η Διοίκηση είναι Ένα Ομαδικό Παιχνίδι, Ομάδα Αποτελούμενη από Ομάδες, Οι Παίκτες, Σημειώσεις. |
| 700 1# - ΠΡΟΣΘΕΤΗ ΑΝΑΓΡΑΦΗ--ΦΥΣΙΚΟ ΠΡΟΣΩΠΟ | |
| Personal name | Grove Andrew S |
| 9 (RLIN) | 940 |
| 942 ## - ADDED ENTRY ELEMENTS (KOHA) | |
| Koha item type | Books |
| Τύπος τεκμηρίου | Βιβλιοθήκη | Τρέχουσα τοποθεσία | Barcode | Αριθμός εισαγωγής | Ημερομηνία απόκτησης | Ταξιθετικό σύμβολο | Αριθμός αντιτύπου | Κατάσταση απόσυρσης | Κατάσταση χαμένου | Κατάσταση κατεστραμμένου | Μη δανεισμός | Σύνολο δανεισμών | Ημερομηνία τελευταίας εμφάνισης | Η τιμή ισχύει από |
|---|---|---|---|---|---|---|---|---|---|---|---|---|---|---|
| Books | MC Athens Campus Library | MC Athens Campus Library | 9780000006905 | 1321 | 05/06/2025 | 658.5 GRO | 1 | 05/06/2025 | 05/06/2025 |